000 00641nam a2200217 4500
003 OSt
005 20240610024426.0
006 a
008 240610b |||||||| |||| 00| 0 eng d
020 _a9710412211
040 _aDWCL-Main lib.
_cOC
082 _aFil. 500.2 B928p 2011
100 _aBueno, David Cababaro
245 _aPhysical science for college students /
260 _aMandaluyong City, Phils. :
_bBooks Atbp.,
_cc2011.
300 _axii,
_b273 p. : ill. ;
_c25 cm.
504 _aIncludes bibliographical references.
650 _a1. Physical sciences.
700 _aDavid Cababaro Bueno
942 _2ddc
_n0
_cBK - FIL
_kFil.
999 _c435
_d435